00283nam a2200121Ia 4500008004100000041000800041082001500049100001800064245001700082260003300099300002400132365000500156240624s9999 xx 000 0 und d aeng a303.49 TOF aTOFFLER ALVIN aFUTURE SHOCK c1990aNew YorkbBantam Books a561 : p. : cm. ; 18 c